00580 2200229 4500001002100000005001500021035002000036007000300056008004100059020002200100082000800122084001400130100002000144245005100164250001000215260003100225300002900256650001800285504002500303990001100328990001100339INLIS00000000000429520191023095657 a0010-1019000147ta191023 g 0 ind  a978-602-8725-66-8 a738 a738 NUR m0 aNURDIAN, Ichsan1 aMembuat Keramik Teknik Putar /cNurdian Ichsan acet.1 aBekasi :bNusa Book,c2014 a71 hlm :bilus. ;c21 cm 4aSENI, KERAMIK aBibliografi: hlm. 71 a7058 a a7058 b